000 00602nam a2200229Ia 4500
003 OSt
005 20220918204209.0
006 a|||||r|||| 00| 0
007 ta
008 220917b |||||||| |||| 00| 0 eng d
024 _a111,413
037 _cTextual
040 _aARTS
_cARTS
_beng
041 _2eng
_aeng
082 _aV53:1:L9, K53
100 _aKaplow J
_9111032
245 0 _aNew perspectives on the French revolution
_b Readings in historical society
260 _c1965
650 _aHISTORY
942 _hV53:1:L9, K53
_cTEXL
_2CC
999 _c234762
_d234762